000 00693nam a2200205Ia 4500
003 OSt
005 20250204152836.0
008 210324s9999||||xx |||||||||||||| ||und||
040 _cSTCPL
041 _aMAL
082 _aM09
_bMAN-S Pt.1
100 _aMani, Vettam
_qവെട്ടം മാണി
245 0 _aSahithya charithram Pt.1 :
_bPrasnothari /
_cby Vettam Mani
_hമലയാളസാഹിത്യചരിത്രം ഭാഗം.1 : പ്രശ്നോത്തരി
260 _aKottayam :
_bGurunadhan Printing and Publications ,
_c1971 .
300 _a426 p.
_bHB
650 _aMalayalam literature
650 _aLiterary history
942 _cBK
942 _2ddc
_n0
999 _c21980
_d21980